00914nam a2200253 a 450000100060000000300080000600500170001400800410003103500190007204000320009104100080012308200240013124500760015525000110023126000570024230000360029950400400033565000360037565000270041170000530043894200120049199900170050395201400052069809BD-RjUL20211209081928.0170413s1964 nyua b 001 0 eng d a(BD-RjUL)70021 aDLCcDLCdEQOdBD-RjULbeng aeng00a665.3223bBAI 196410aBailey's Industrial oil and fat products /cKarl F. Mattil... [et. al.] a3d ed. aNew York ;aLondon :bInterscience Publishers,c1964 axiii, 1103 p. :bill. ;c24 cm. aIncludes bibliographies and Indexes 0aVegetable fats and oils9206762 0aOils and fats.92067631 aMarttil, Karl F...[et. al]qjoint author9206764 2ddccBK c69809d69809 00102ddc40718NFICaRUCLbRUCLcReadingd1965-12-02eZeitlingerg189.00l0o665.3 BAI 1964r2017-04-13 00:00:00tC-1w2017-04-13yBK